Statistics for Државе на слово С

Click here to take the quiz!

General Stats

  • This quiz has been taken 2 146 times
  • The average score is 13 of 22

Answer Stats

Држава% Correct
Србија
97%
Словенија
86%
Словачка
85%
Сирија
81%
Судан
73%
Сомалија
72%
Сенегал
67%
Сједињене Америчке Државе
66%
Саудијска Арабија
64%
Северна Кореја
62%
Суринам
59%
Сан Марино
59%
Сингапур
58%
Северна Македонија
51%
Сејшели
51%
Самоа
47%
Сао Томе и Принсипе
46%
Сент Луција
42%
Сијера Леоне
37%
Сент Китс и Невис
36%
Соломонова Острва
35%
Сент Винсент и Гренадини
34%

Score Distribution

Percentile by Number Answered

Percent of People with Each Score

Your Score History

You have not taken this quiz